00526pam a2200193 a 4500001000800000005001700008008004100025010001700066020003200083020004500115040001800160041000800178080001500186082001900201100000600220101000800226245004700234504005100281389066320180221085129.0900924s1990 vtua b 001 0 eng  a 90055400  a0882666185 (pbk.) :c$13.95 a0882666193 (hc) :c$22.95 ($29.95 Can.) aDLCcDLCdDLC aeng a635.7 SHAU00a635.7 SHAU2201 a9 aMJE10aHerbal treasures :cby Phyllis V. Shaudys. aIncludes bibliographical references and index.